| 000 | 00371nam a22001337a 4500 | ||
|---|---|---|---|
| 020 | _a9780470578384 | ||
| 082 | _a371.3344678 STA | ||
| 100 | _aStavredes, Tina | ||
| 245 | _aEffective online teaching : foundations and strategies for student success | ||
| 260 |
_aUSA _bJossey-Bass _c2011 |
||
| 300 |
_axxii, 257p. : _e24 cm |
||
| 650 | _aWeb-based instruction | ||
| 942 | _cBK | ||
| 999 |
_c12846 _d12846 |
||